|
|
|
|
| LEADER |
00000cas a2200000 c 4500 |
| 001 |
130191655 |
| 003 |
DE-627 |
| 005 |
20251106165749.0 |
| 007 |
tu |
| 008 |
931116d19161996sz z| p| 0 |0ger c |
| 015 |
|
|
|a 97,B30,0237
|2 dnb
|
| 016 |
7 |
|
|a 012832294
|2 DE-101
|
| 016 |
7 |
|
|a 529604-3
|2 DE-600
|
| 035 |
|
|
|a (DE-627)130191655
|
| 035 |
|
|
|a (DE-576)015735168
|
| 035 |
|
|
|a (DE-599)ZDB529604-3
|
| 035 |
|
|
|a (OCoLC)630370652
|
| 035 |
|
|
|a (DE-615)00255473
|
| 040 |
|
|
|a DE-627
|b ger
|c DE-627
|e rakwb
|
| 041 |
|
|
|a ger
|
| 044 |
|
|
|c XA-CH
|
| 082 |
0 |
4 |
|a 370
|q DE-101
|
| 082 |
0 |
4 |
|a 370
|q DE-600
|
| 084 |
|
|
|a 5,3
|2 ssgn
|
| 084 |
|
|
|a 80.00
|2 bkl
|
| 245 |
0 |
0 |
|a Berufsberatung und Berufsbildung
|b Zeitschr. d. Schweizerischen Verbandes für Berufsberatung = Orientation et formation professionnelles
|
| 246 |
3 |
1 |
|a Orientation et formation professionnelles
|
| 247 |
1 |
0 |
|a Berufsbildung und Berufsberatung
|f Hauptsacht. teils
|
| 264 |
3 |
1 |
|a Zürich
|b Verb.
|c 1916-1996
|
| 336 |
|
|
|a Text
|b txt
|2 rdacontent
|
| 337 |
|
|
|a ohne Hilfsmittel zu benutzen
|b n
|2 rdamedia
|
| 338 |
|
|
|a Band
|b nc
|2 rdacarrier
|
| 362 |
0 |
|
|a 1.1916 - 81.1996,1
|
| 363 |
0 |
0 |
|a 1
|i 1916
|
| 363 |
1 |
0 |
|a 81
|b 1
|i 1996
|
| 591 |
|
|
|a 83!
|
| 650 |
|
7 |
|8 1.1\x
|a Berufsbildung
|0 (DE-627)091350522
|0 (DE-2867)11360-1
|2 stw
|
| 650 |
|
7 |
|8 1.2\x
|a Berufsberatung
|0 (DE-627)091350506
|0 (DE-2867)11252-4
|2 stw
|
| 650 |
|
7 |
|8 1.3\x
|a Schweiz
|0 (DE-627)091388805
|0 (DE-2867)16972-1
|2 stw
|
| 655 |
|
7 |
|a Zeitschrift
|0 (DE-588)4067488-5
|0 (DE-627)10454466X
|0 (DE-576)20917000X
|2 gnd-content
|
| 689 |
0 |
0 |
|d s
|0 (DE-588)4005878-5
|0 (DE-627)106379275
|0 (DE-576)208863508
|a Berufsberatung
|2 gnd
|
| 689 |
0 |
1 |
|d s
|0 (DE-588)4067488-5
|0 (DE-627)10454466X
|0 (DE-576)20917000X
|a Zeitschrift
|2 gnd
|
| 689 |
0 |
|
|5 DE-101
|
| 689 |
1 |
0 |
|d s
|0 (DE-588)4069342-9
|0 (DE-627)106103679
|0 (DE-576)209176504
|a Berufsbildung
|2 gnd
|
| 689 |
1 |
1 |
|d s
|0 (DE-588)4067488-5
|0 (DE-627)10454466X
|0 (DE-576)20917000X
|a Zeitschrift
|2 gnd
|
| 689 |
1 |
|
|5 DE-101
|
| 710 |
2 |
|
|a Schweizerischer Verband für Berufsberatung
|e Herausgebendes Organ
|0 (DE-588)2021746-8
|0 (DE-627)102074674
|0 (DE-576)191747653
|4 isb
|
| 889 |
|
|
|w (DE-576)385440928
|
| 936 |
b |
k |
|a 80.00
|
| 938 |
1 |
0 |
|0 (DE-627)1756194475
|0 (DE-615)6602156
|a Berufsberatung
|2 fivt
|
| 938 |
1 |
0 |
|0 (DE-627)1756196389
|0 (DE-615)6602146
|a Zeitschrift
|2 fivt
|
| 951 |
|
|
|a JT
|
| ELC |
|
|
|b 1
|
| ORI |
|
|
|a WA-MARC-krimdokb001.raw
|
| SPR |
|
|
|a 1
|t KRI
|